000 00972cam a2200193 4500
001 WB3934-22
008 030911n2003 000 0 eng u
035 _a(Sirsi) u123563
245 _aAgricultural management of common land
260 _c2003
490 _aDEFRA News Release
_v(344/03) 22 August 2003 (3)
520 _aA consultation aiming for more effective management of common land. Proposals include measures to enable self regulation of commons by statutory commons associations, powers of last resort for the Secretary of State, National Assembly for Wales and nature conservation bodies, and advice on practice from new regional advisory bodies. The consultation is open until 14 November 2003. http://www.defra.gov.uk/news/2003/030822a.htm. http://www.defra.gov.uk/corporate/consult/common-land/consultdoc.pdf
590 _aWB
650 _aCONSULTATION DOCUMENT
650 _aCOMMON LAND
650 _aDEFRA
690 _aRural
_96268
942 _n0
999 _c73393
_d73393